A stitch in time (Record no. 72350)

MARC details
000 -LEADER
fixed length control field 01600cam a2200253 4500
001 - CONTROL NUMBER
control field ABS66546
008 - FIXED-LENGTH DATA ELEMENTS--GENERAL INFORMATION
fixed length control field 030326n2003 000 0 eng u
035 ## - SYSTEM CONTROL NUMBER
System control number (Sirsi) u121737
100 ## - MAIN ENTRY--PERSONAL NAME
Personal name Martin, J.
245 #2 - TITLE STATEMENT
Title A stitch in time
260 ## - PUBLICATION, DISTRIBUTION, ETC.
Date of publication, distribution, etc. 2003
490 ## - SERIES STATEMENT
Series statement Estates Gazette
Volume/sequential designation (0310) 8 March 2003, 161(1)
520 ## - SUMMARY, ETC.
Summary, etc. Argues that developers and local planning authorities (LPAs) must recognise environmental issues to avoid court action. Following several judicial decisions the ODPM issued guidance stressing that planning applications must be checked to gauge the need for an environmental impact assessment (EIA). However, in "Gillespie v SoS Environment and another" ([2003] EWHC 9 (Admin), [2003] 1 P&CR 475-503(29)) the SoS failed to take this advice and granted planning permission for a residential development on a contaminated former gasworks site without accepting the need for an EIA. The judge quashed the planning permission on the grounds that the SoS decision was "Wednesbury" unreasonable and the correct approach would have focused upon likely environmental effects. CA considered appeal as "Bellway Urban Renewal Southern v Gillespie".
590 ## - LOCAL NOTE (RLIN)
Local note ABS
650 ## - SUBJECT ADDED ENTRY--TOPICAL TERM
Topical term or geographic name entry element GILLESPIE V SOS ENVIRONMENT AND ANOTHER
650 ## - SUBJECT ADDED ENTRY--TOPICAL TERM
Topical term or geographic name entry element BERKELEY V SOS ENVIRONMENT AND ANOTHER
650 ## - SUBJECT ADDED ENTRY--TOPICAL TERM
Topical term or geographic name entry element ENVIRONMENTAL IMPACT ASSESSMENTS
650 ## - SUBJECT ADDED ENTRY--TOPICAL TERM
Topical term or geographic name entry element TOWN AND COUNTRY PLANNING (ENVIRONMENTAL IMPACT ASSESSMENT) REGULATIONS 1999
650 ## - SUBJECT ADDED ENTRY--TOPICAL TERM
Topical term or geographic name entry element ENVIRONMENTAL EFFECTS
650 ## - SUBJECT ADDED ENTRY--TOPICAL TERM
Topical term or geographic name entry element PLANNING APPLICATIONS
690 ## - LOCAL SUBJECT ADDED ENTRY--TOPICAL TERM (OCLC, RLIN)
Topical term or geographic name as entry element Planning and development
9 (RLIN) 6259
700 ## - ADDED ENTRY--PERSONAL NAME
Personal name Edwards, M.
942 ## - ADDED ENTRY ELEMENTS (KOHA)
Suppress in OPAC 0
Holdings
Withdrawn status Lost status Source of classification or shelving scheme Damaged status Not for loan Home library Current library Shelving location Date acquired Total Checkouts Full call number Barcode Date last seen Copy number Price effective from Koha item type
    Dewey Decimal Classification     London London Journal article 26/03/2003   ABS66546 121737-1001 06/08/2019 1 06/08/2019 Journal article